| 000 | 00737nam a2200205 a 4500 | ||
|---|---|---|---|
| 001 | 000017162 | ||
| 005 | 20200929165034.0 | ||
| 008 | 100319s1983 dr a 000 0 spa d | ||
| 040 |
_aDO-SdBNP _bspa _cBNPHU |
||
| 082 |
_axxx _bL865a |
||
| 100 | 1 |
_aLora Salcedo, Radhamés _937793 |
|
| 245 | 1 | 0 |
_aAtlas de diagramas climáticos de la República Dominicana / _cRadhamés Lora Salcedo, Jurgen Czerwenka, Eberhard Bolay. |
| 260 |
_aSanto Domingo : _bSecretaría de Estado de Agricultura, _c1983. |
||
| 300 |
_a91 p. : _bgraf. ; _c29 cm. |
||
| 500 | _aIncluye notas al pie de las páginas | ||
| 504 | _aIncluye referencias bibliográficas ( 91) | ||
| 700 | 1 |
_aCzerwenka, Jurgen _937794 |
|
| 700 | 1 |
_aBolay, Eberhard _937795 |
|
| 049 | _aBNPD | ||
| 999 |
_c16688 _d16688 |
||